[Event "ICS rated blitz match"]
[Site "204.178.125.65"]
[Date "1999.09.10"]
[Round "?"]
[White "Hossa"]
[Black "salzi"]
[Result "1-0"]
[WhiteElo "2448"]
[BlackElo "2039"]
[PlyCount "99"]
[EventDate "1999.??.??"]

1. e4 c5 2. Nf3 d6 3. d4 cxd4 4. Qxd4 Nc6 5. Bb5 Bd7 6. Qd1 Nf6 7. Nc3 Qa5 8.
Nd2 g6 9. Nc4 Qc7 10. Nd5 Nxd5 11. exd5 Ne5 12. Bxd7+ Nxd7 13. Qd4 Nf6 14. Bg5
Bg7 15. c3 O-O 16. O-O h6 17. Bxf6 Bxf6 18. Qg4 Kh7 19. Rae1 Rac8 20. Ne3 Qb6
21. Re2 Rc7 22. Rfe1 Rfc8 23. a3 Qc5 24. f4 b5 25. f5 Rg8 26. Rf2 h5 27. fxg6+
fxg6 28. Qe6 Rcc8 29. Kh1 Rcf8 30. Ref1 Qc8 31. Qe4 a6 32. Nc2 Qg4 33. Qxg4
hxg4 34. Nb4 a5 35. Nc6 a4 36. Rf4 g3 37. h3 Kg7 38. R4f3 Be5 39. Rxf8 Rxf8 40.
Kg1 Rxf1+ 41. Kxf1 Kf6 42. Ke2 e6 43. dxe6 Kxe6 44. Kd3 Kd5 45. Ne7+ Ke6 46.
Nxg6 Bf6 47. Nf4+ Kf5 48. Ne2 Be5 49. Ke3 Kg5 50. Ke4 {salzi resigns} 1-0

[Event "ICS rated blitz match"]
[Site "204.178.125.65"]
[Date "1999.09.06"]
[Round "?"]
[White "Hossa"]
[Black "salzi"]
[Result "1-0"]
[WhiteElo "2448"]
[BlackElo "2050"]
[PlyCount "89"]
[EventDate "1999.??.??"]

1. d4 Nf6 2. Nf3 d6 3. c4 g6 4. Nc3 Bg7 5. e4 O-O 6. Be2 e5 7. Bg5 h6 8. Bxf6
Bxf6 9. dxe5 dxe5 10. Qxd8 Bxd8 11. Nxe5 Bf6 12. f4 Bxe5 13. fxe5 c6 14. O-O
Be6 15. Rad1 Nd7 16. b3 Nxe5 17. Rd6 Rfd8 18. Rfd1 Rxd6 19. Rxd6 Kf8 20. h4 h5
21. c5 Ke7 22. b4 Rd8 23. Rxd8 Kxd8 24. Kf2 Ke7 25. Ke3 Bc4 26. Kd4 Bxe2 27.
Kxe5 Bf1 28. g3 Bc4 29. Kd4 Be6 30. a4 a6 31. e5 Bf5 32. a5 Bc2 33. Ne2 Bf5 34.
Nf4 Be6 35. Ng2 Bf5 36. Ne3 Be6 37. Ke4 Bb3 38. Kf3 Be6 39. Nc2 Bb3 40. Nd4
Bd5+ 41. Kf4 Bc4 42. Nf3 Bd5 43. Ng5 Be6 44. Ne4 Bc4 45. Nd6 {salzi resigns}
1-0

[Event "ICS rated blitz match"]
[Site "204.178.125.65"]
[Date "1999.09.24"]
[Round "?"]
[White "Hossa"]
[Black "sasman3"]
[Result "1-0"]
[WhiteElo "2418"]
[BlackElo "2046"]
[PlyCount "83"]
[EventDate "1999.??.??"]

1. c4 e5 2. Nc3 g6 3. Nf3 Bg7 4. d4 exd4 5. Nxd4 d6 6. e4 Nf6 7. Be2 O-O 8. O-O
Re8 9. f3 h6 10. Be3 Nc6 11. Nxc6 bxc6 12. Qd2 Kh7 13. Rad1 Bd7 14. Bd4 c5 15.
Be3 Bc6 16. Nb5 a6 17. Nc3 Rb8 18. Rfe1 Qc8 19. b3 Qb7 20. Nd5 Nxd5 21. cxd5
Bb5 22. Rc1 g5 23. Rc2 Be5 24. Bxb5 axb5 25. Qd3 Ra8 26. Rf1 Rg8 27. f4 gxf4
28. Bxf4 Bd4+ 29. Be3 Bxe3+ 30. Qxe3 Rg7 31. Rf6 Rh8 32. Qxh6+ Kg8 33. Qf4 c4
34. bxc4 bxc4 35. Rxc4 Qb6+ 36. Qf2 Qb1+ 37. Qf1 Qxa2 38. Rxc7 Qa3 39. Rc8+ Kh7
40. Qf5+ Rg6 41. Rxf7+ Kh6 42. Rxh8# {sasman3 checkmated} 1-0

[Event "ICS rated blitz match"]
[Site "204.178.125.65"]
[Date "1999.09.17"]
[Round "?"]
[White "Hossa"]
[Black "scizzo"]
[Result "1-0"]
[WhiteElo "2422"]
[BlackElo "2141"]
[PlyCount "81"]
[EventDate "1999.??.??"]

1. e4 c5 2. Nf3 Nc6 3. d4 cxd4 4. Nxd4 e6 5. Be3 Qc7 6. Nb5 Qb8 7. Bc4 a6 8.
N5c3 b5 9. Bd3 Bb7 10. O-O Nf6 11. f3 Be7 12. Nd2 O-O 13. Re1 Qc7 14. a3 Rac8
15. Qe2 Ne5 16. Bf4 d6 17. Rac1 Rfd8 18. Bg5 Qb6+ 19. Be3 Qc7 20. Bf2 d5 21.
exd5 Nxd3 22. cxd3 Bc5 23. dxe6 fxe6 24. Qxe6+ Kh8 25. Bxc5 Qxc5+ 26. Qe3 Rxd3
27. Qxc5 Rxc5 28. Nde4 Nxe4 29. fxe4 h6 30. Red1 Rxd1+ 31. Rxd1 Rc4 32. e5 Kh7
33. e6 Rc8 34. Rd7 Ba8 35. e7 Re8 36. Ra7 Bc6 37. Rxa6 Bd7 38. Nd5 Bf5 39. Rf6
gxf6 40. Nxf6+ Kg6 41. Nxe8 {scizzo resigns} 1-0

[Event "ICS rated blitz match"]
[Site "204.178.125.65"]
[Date "1999.10.13"]
[Round "?"]
[White "Hossa"]
[Black "sdchess"]
[Result "1-0"]
[WhiteElo "2412"]
[BlackElo "2133"]
[PlyCount "33"]
[EventDate "1999.??.??"]

1. e4 c5 2. Nf3 d6 3. d4 cxd4 4. Nxd4 Nf6 5. Nc3 Nc6 6. Bg5 e6 7. Bb5 Bd7 8.
O-O h6 9. Bh4 Be7 10. Nf3 a6 11. Ba4 b5 12. Bxf6 gxf6 13. Bb3 Na5 14. Qd4 Nxb3
15. axb3 Rg8 16. b4 Rc8 17. Rxa6 {sdchess resigns} 1-0

[Event "ICS rated blitz match"]
[Site "204.178.125.65"]
[Date "1999.10.03"]
[Round "?"]
[White "Hossa"]
[Black "sekere"]
[Result "1-0"]
[WhiteElo "2410"]
[BlackElo "2052"]
[PlyCount "65"]
[EventDate "1999.??.??"]

1. e4 e5 2. Nf3 Nc6 3. Bb5 a6 4. Ba4 Nf6 5. O-O Be7 6. Re1 b5 7. Bb3 O-O 8. c3
d5 9. exd5 Nxd5 10. Nxe5 Nxe5 11. Rxe5 c6 12. d4 Bd6 13. Re1 Qh4 14. g3 Qh3 15.
Re4 Nf6 16. Rh4 Qd7 17. Bc2 h6 18. Bxh6 gxh6 19. Rxh6 Ng4 20. Rh5 f5 21. Rg5+
Kh8 22. Rh5+ Kg8 23. a4 Rf6 24. axb5 cxb5 25. Bb3+ Kg7 26. Bd5 Ra7 27. Nd2 Bb7
28. Bxb7 Qxb7 29. Rxf5 Nh6 30. Rxf6 Kxf6 31. Qh5 Qg7 32. Ne4+ Ke7 33. Re1 {
sekere resigns} 1-0

[Event "ICS rated blitz match"]
[Site "204.178.125.65"]
[Date "1999.09.01"]
[Round "?"]
[White "Hossa"]
[Black "sergor"]
[Result "1/2-1/2"]
[WhiteElo "2525"]
[BlackElo "2317"]
[PlyCount "201"]
[EventDate "1999.??.??"]

1. d4 Nf6 2. c4 e6 3. Nc3 Bb4 4. Bg5 h6 5. Bh4 c5 6. e3 Qa5 7. Nge2 Ne4 8. Qd3
cxd4 9. Qxd4 Nxc3 10. bxc3 Bf8 11. Bg3 Nc6 12. Qd2 Be7 13. Bd6 O-O 14. c5 b6
15. Nd4 Bxd6 16. Nb3 Qa3 17. cxd6 Ba6 18. Bxa6 Qxa6 19. Nc1 Rfc8 20. Ne2 Qa3
21. O-O Ne5 22. Qd4 Nc4 23. Rfd1 Rc6 24. Qg4 Rac8 25. Nd4 Rc5 26. Ne2 Rg5 27.
Qf3 Nxd6 28. Rd4 Rf5 29. Qh3 Nb5 30. Rxd7 Nxc3 31. Nxc3 Qxc3 32. Rad1 Rd5 33.
R7xd5 exd5 34. Qd7 Qc6 35. Qf5 Rd8 36. Rf1 d4 37. Qd3 Qc3 38. Rd1 Qxd3 39. Rxd3
Rc8 40. Kf1 dxe3 41. Rxe3 Rc7 42. g4 Kf8 43. Kg2 Rc4 44. h3 Ra4 45. Re2 Ra3 46.
f4 b5 47. f5 a5 48. h4 b4 49. Rc2 Ke7 50. g5 hxg5 51. hxg5 g6 52. fxg6 fxg6 53.
Re2+ Kd6 54. Rb2 Ke5 55. Rf2 a4 56. Kh2 b3 57. axb3 axb3 58. Rf6 Kd4 59. Rxg6
Ra5 60. Rb6 Kc3 61. Rc6+ Kd2 62. Rd6+ Kc1 63. Rc6+ Kb1 64. g6 Rg5 65. Kh3 b2
66. Kh4 Rg1 67. Rb6 Ka2 68. Ra6+ Kb3 69. Rb6+ Kc3 70. Rxb2 Kxb2 71. Kh5 Kc3 72.
Kh6 Kd4 73. g7 Ke5 74. Kh7 Kf6 75. g8=N+ Kf7 76. Nh6+ Kf8 77. Nf5 Kf7 78. Kh6
Kf6 79. Nh4 Rg5 80. Nf3 Rf5 81. Nh4 Ra5 82. Nf3 Kf5 83. Nh4+ Kg4 84. Ng6 Ra6
85. Kg7 Kg5 86. Ne5 Ra7+ 87. Nf7+ Kf5 88. Kf8 Kf6 89. Nd8 Re7 90. Nc6 Rc7 91.
Nd8 Rh7 92. Ke8 Rc7 93. Kf8 Rh7 94. Ke8 Ra7 95. Nc6 Rb7 96. Nd4 Ke5 97. Nf3+
Kd6 98. Kf8 Ke6 99. Nd4+ Kf6 100. Nc6 Rc7 101. Nd8 {Game drawn by repetition}
1/2-1/2

[Event "ICS rated blitz match"]
[Site "204.178.125.65"]
[Date "1999.09.03"]
[Round "?"]
[White "Hossa"]
[Black "sergor"]
[Result "1-0"]
[WhiteElo "2556"]
[BlackElo "2378"]
[PlyCount "43"]
[EventDate "1999.??.??"]

1. e4 c5 2. Nf3 e6 3. d4 cxd4 4. Nxd4 a6 5. Be2 Qc7 6. O-O Nf6 7. Nd2 Nc6 8. c3
Be7 9. Nxc6 bxc6 10. Re1 e5 11. Bf3 O-O 12. Nc4 d6 13. Bg5 Rd8 14. Qd3 a5 15.
Rad1 Ba6 16. b3 d5 17. exd5 cxd5 18. Bxf6 dxc4 19. Bxe5 Qa7 20. Qf5 Rac8 21.
Bd5 Bf8 22. Be4 {sergor resigns} 1-0

[Event "ICS rated blitz match"]
[Site "204.178.125.65"]
[Date "1999.09.01"]
[Round "?"]
[White "Hossa"]
[Black "shabalov"]
[Result "1-0"]
[WhiteElo "2500"]
[BlackElo "2310"]
[PlyCount "87"]
[EventDate "1999.??.??"]

1. d4 d6 2. e4 Nf6 3. f3 g6 4. Bb5+ c6 5. Bd3 Bg7 6. Ne2 e5 7. O-O O-O 8. Nbc3
Nbd7 9. Be3 b6 10. Qd2 Bb7 11. Bh6 Rb8 12. b3 a5 13. Rad1 c5 14. dxe5 Nxe5 15.
Bxg7 Kxg7 16. Bb5 Kg8 17. Qxd6 Qxd6 18. Rxd6 Ned7 19. Bxd7 Nxd7 20. Rxd7 Ba6
21. Rfd1 Kg7 22. Nf4 b5 23. Ne6+ Kg8 24. Nxf8 Rxf8 25. Ra7 Bc8 26. Nxb5 Be6 27.
Nc7 Bc8 28. Rxa5 c4 29. bxc4 f5 30. e5 Rf7 31. Rd8+ Rf8 32. Rxf8+ Kxf8 33. Ra8
Ke7 34. Rxc8 Kd7 35. e6+ Kxc8 36. Nd5 Kd8 37. c5 Ke8 38. c6 Kd8 39. a4 h6 40.
e7+ Ke8 41. c7 Kf7 42. c8=Q g5 43. e8=Q+ Kg7 44. Qcd7# {shabalov checkmated}
1-0

[Event "ICS rated blitz match"]
[Site "204.178.125.65"]
[Date "1999.09.09"]
[Round "?"]
[White "Hossa"]
[Black "shally"]
[Result "1-0"]
[WhiteElo "2468"]
[BlackElo "2414"]
[PlyCount "51"]
[EventDate "1999.??.??"]

1. c4 e5 2. Nc3 Bb4 3. g3 f5 4. Bg2 Bxc3 5. bxc3 Nf6 6. Nf3 d6 7. d4 e4 8. Ng5
h6 9. Nh3 O-O 10. Nf4 b6 11. O-O c5 12. Rb1 Nc6 13. Ng6 Re8 14. f3 Na5 15. fxe4
fxe4 16. dxc5 dxc5 17. Qxd8 Rxd8 18. Ne7+ Kh8 19. Bxh6 Be6 20. Bg5 Nxc4 21.
Rxf6 gxf6 22. Bxf6+ Kh7 23. Bxe4+ Kh6 24. Rf1 Nd2 25. Rf4 Nxe4 26. Rh4# {
shally checkmated} 1-0

[Event "ICS rated blitz match"]
[Site "204.178.125.65"]
[Date "1999.10.03"]
[Round "?"]
[White "Hossa"]
[Black "sivacash"]
[Result "1-0"]
[WhiteElo "2367"]
[BlackElo "2073"]
[PlyCount "117"]
[EventDate "1999.??.??"]

1. e4 e6 2. d4 d5 3. Nd2 Nf6 4. e5 Ng8 5. c3 Ne7 6. Bd3 Nf5 7. Ne2 c5 8. O-O c4
9. Bxf5 exf5 10. b3 b5 11. a4 Bd7 12. axb5 Bxb5 13. bxc4 dxc4 14. Ng3 g6 15.
Rb1 a6 16. Qf3 Bc6 17. Rxb8 Bxf3 18. Rxd8+ Rxd8 19. Nxf3 Be7 20. Rd1 O-O 21. d5
Bc5 22. d6 a5 23. Rd5 Bb6 24. Bh6 Rfe8 25. Nd2 a4 26. Nxc4 Rb8 27. d7 Red8 28.
Bg5 Bc7 29. Bxd8 Rb1+ 30. Nf1 Bxd8 31. Rd6 Kf8 32. Ra6 Ke7 33. Rxa4 Kxd7 34.
Ncd2 Rc1 35. Rd4+ Ke8 36. c4 Bb6 37. Rd5 Ke7 38. h4 h5 39. g3 Bc7 40. Rc5 Bb6
41. Rb5 Bd4 42. Rd5 Bc3 43. Nb3 Rb1 44. Nd4 Bxd4 45. Rxd4 Ke6 46. f4 Rc1 47.
Kf2 Ke7 48. Ne3 Rc3 49. Nd5+ Ke6 50. Nxc3 Ke7 51. Kf3 Ke6 52. Rd6+ Ke7 53. Nd5+
Ke8 54. Nf6+ Ke7 55. Rd7+ Kf8 56. Rd8+ Kg7 57. Rg8+ Kh6 58. c5 g5 59. fxg5# {
sivacash checkmated} 1-0

[Event "ICS rated blitz match"]
[Site "204.178.125.65"]
[Date "1999.09.24"]
[Round "?"]
[White "Hossa"]
[Black "smoothg"]
[Result "1-0"]
[WhiteElo "2391"]
[BlackElo "2337"]
[PlyCount "57"]
[EventDate "1999.??.??"]

1. e4 c5 2. Nf3 d6 3. d4 cxd4 4. Nxd4 Nf6 5. Nc3 a6 6. Bg5 e6 7. f4 Be7 8. Qf3
Qc7 9. O-O-O Nbd7 10. Qg3 h5 11. f5 e5 12. Bxf6 Nxf6 13. Qxg7 Rg8 14. Nd5 Rxg7
15. Nxc7+ Kf8 16. Nxa8 exd4 17. Nb6 Nxe4 18. Nxc8 Bg5+ 19. Kb1 Nf2 20. Be2 Nxh1
21. Rxh1 Be3 22. Bxh5 Rxg2 23. Bf3 Rf2 24. Bxb7 Rxf5 25. Bxa6 Rc5 26. Rf1 Rc6
27. Bb7 Rc7 28. Nxd6 Kg7 29. Ne8+ {smoothg resigns} 1-0

[Event "ICS rated blitz match"]
[Site "204.178.125.65"]
[Date "1999.09.02"]
[Round "?"]
[White "Hossa"]
[Black "sovorov2"]
[Result "1-0"]
[WhiteElo "2455"]
[BlackElo "2093"]
[PlyCount "77"]
[EventDate "1999.??.??"]

1. e4 e6 2. d4 d5 3. Nc3 Bb4 4. e5 c5 5. a3 Bxc3+ 6. bxc3 Ne7 7. Bd3 Qc7 8. Nf3
Nbc6 9. O-O c4 10. Be2 Bd7 11. Rb1 O-O-O 12. Ng5 Rdf8 13. Bh5 Be8 14. Qf3 Nf5
15. Bg4 Nh6 16. Nxe6 fxe6 17. Bxe6+ Bd7 18. Qxd5 Bxe6 19. Qxe6+ Qd7 20. Qxd7+
Kxd7 21. Bxh6 gxh6 22. Rxb7+ Ke6 23. f4 Rb8 24. f5+ Kd5 25. Rfb1 Rxb7 26. Rxb7
Rb8 27. Rxh7 Rb2 28. Rxh6 Rxc2 29. Rd6+ Ke4 30. Rxc6 Rxc3 31. e6 Kxd4 32. e7
Re3 33. Re6 Rxe6 34. fxe6 c3 35. e8=Q c2 36. Qc8 Kd3 37. Kf2 Kd2 38. a4 Kc1 39.
Qxc2+ {sovorov2 resigns} 1-0

[Event "ICS rated blitz match"]
[Site "204.178.125.65"]
[Date "1999.09.12"]
[Round "?"]
[White "Hossa"]
[Black "stivell"]
[Result "0-1"]
[WhiteElo "2472"]
[BlackElo "2531"]
[PlyCount "142"]
[EventDate "1999.??.??"]

1. d4 f5 2. g3 Nf6 3. Bg2 g6 4. Nh3 Bg7 5. O-O O-O 6. c3 d6 7. Ng5 Kh8 8. Na3
c6 9. Nc4 Na6 10. Bf4 Nc7 11. Re1 h6 12. Nh3 g5 13. Bxg5 hxg5 14. Nxg5 Be6 15.
Nxe6 Nxe6 16. Bh3 Ne4 17. Ne3 f4 18. Bxe6 fxe3 19. fxe3 Ng5 20. Bg4 e5 21. Rf1
Qe7 22. Bf5 exd4 23. exd4 Qe3+ 24. Kg2 Rae8 25. Bd3 Ne4 26. Qc2 Rf2+ 27. Rxf2
Qxf2+ 28. Kh1 Nxg3+ 29. hxg3 Re6 30. Qd2 Rh6+ 31. Qxh6+ Bxh6 32. Rg1 Be3 33.
Rg2 Qf1+ 34. Kh2 Qc1 35. b3 Qxc3 36. Bf5 Qxd4 37. Bc8 b6 38. Kh3 Kg7 39. Bd7 c5
40. Rh2 Qb2 41. Be6 Qxa2 42. Bc4 Qd2 43. Kg4 d5 44. Bd3 c4 45. bxc4 dxc4 46.
Bxc4 Qd4+ 47. Kf3 Qxc4 48. Kxe3 a5 49. Kf3 a4 50. Rh4 Qxh4 51. gxh4 a3 52. Ke4
a2 53. Kd5 a1=Q 54. e4 Qf6 55. e5 Qxh4 56. Ke6 Kf8 57. Kd5 Qd8+ 58. Kc6 Ke7 59.
Kb5 Qd5+ 60. Ka4 Qxe5 61. Kb4 Qd6+ 62. Kc3 b5 63. Kc2 b4 64. Kb3 Qc6 65. Kxb4
Kd6 66. Kb3 Kd5 67. Ka3 Qb5 68. Ka2 Qb4 69. Ka1 Kc4 70. Ka2 Kc3 71. Ka1 71...
Qb2# {Hossa checkmated} 0-1

[Event "ICS rated blitz match"]
[Site "204.178.125.65"]
[Date "1999.09.12"]
[Round "?"]
[White "Hossa"]
[Black "stivell"]
[Result "1-0"]
[WhiteElo "2459"]
[BlackElo "2541"]
[PlyCount "73"]
[EventDate "1999.??.??"]

1. d4 f5 2. c4 Nf6 3. Bf4 g6 4. Nc3 Bg7 5. e3 O-O 6. Bd3 d6 7. Nf3 Nc6 8. O-O
Bd7 9. Qb3 Kh8 10. Rad1 Rb8 11. Bc2 Qe8 12. Nd5 Nxd5 13. cxd5 Nd8 14. Qa3 a6
15. Rc1 h6 16. Qa5 c6 17. Bb3 g5 18. Bg3 f4 19. exf4 gxf4 20. Bh4 Bg4 21. Qc7
Nf7 22. Bxe7 Rg8 23. Rc3 Bxf3 24. Rxf3 Bxd4 25. dxc6 bxc6 26. Rxf4 Rxb3 27.
axb3 Be5 28. Re1 Rg6 29. Bf6+ Kg8 30. Rb4 Rxf6 31. Rb8 Re6 32. Rxe8+ Rxe8 33.
Kh1 Rf8 34. Qxc6 Ng5 35. Re2 Ne6 36. Rxe5 dxe5 37. Qxe6+ {stivell resigns} 1-0

[Event "ICS rated blitz match"]
[Site "204.178.125.65"]
[Date "1999.09.22"]
[Round "?"]
[White "Hossa"]
[Black "superkasparov"]
[Result "0-1"]
[WhiteElo "1920"]
[BlackElo "1989"]
[PlyCount "116"]
[EventDate "1999.??.??"]

1. d4 Nf6 2. c4 g6 3. Nc3 Bg7 4. e4 d6 5. f4 O-O 6. Nf3 c5 7. d5 e6 8. Bd2 exd5
9. cxd5 Re8 10. Be2 Nxe4 11. Nxe4 Rxe4 12. O-O Bxb2 13. Rb1 Bg7 14. f5 b6 15.
fxg6 hxg6 16. Bb5 Bg4 17. Bg5 Qc7 18. Qd3 Bf5 19. Qd2 a6 20. Be2 Nd7 21. Bd3
Bd4+ 22. Kh1 Rg4 23. Bh6 Bxd3 24. Qxd3 Bg7 25. Bxg7 Kxg7 26. Ng5 Ne5 27. Qd2
Qe7 28. Nxf7 Nxf7 29. Rxb6 Ne5 30. Qb2 Ra7 31. Qa3 Qg5 32. Qc3 Rxg2 33. Rb2
Rxb2 34. Qxb2 Qg4 35. Rc1 Qf3+ 36. Qg2 Qxg2+ 37. Kxg2 Rb7 38. Kg3 Rb2 39. a4
Ra2 40. Rc3 Rxa4 41. Kf2 Rd4 42. Ra3 Rxd5 43. h4 c4 44. Rxa6 c3 45. Ra7+ Kf6
46. Rc7 Rc5 47. Rb7 c2 48. Rb8 c1=Q 49. Rf8+ Kg7 50. Rc8 Qf4+ 51. Ke2 Rxc8 52.
Kd1 Rc1+ 53. Ke2 Qf3+ 54. Kd2 Qc3+ 55. Ke2 Re1+ 56. Kf2 Qe3+ 57. Kg2 Rg1+ 58.
Kh2 58... Qg3# {Hossa checkmated} 0-1

[Event "ICS rated blitz match"]
[Site "204.178.125.65"]
[Date "1999.09.04"]
[Round "?"]
[White "Hossa"]
[Black "tacticmonster"]
[Result "1-0"]
[WhiteElo "2486"]
[BlackElo "2183"]
[PlyCount "41"]
[EventDate "1999.??.??"]

1. e4 e6 2. d4 d5 3. Nc3 Bb4 4. e5 c5 5. a3 Bxc3+ 6. bxc3 Ne7 7. Bd3 Qa5 8. Bd2
Nbc6 9. Nf3 cxd4 10. cxd4 Qa4 11. c3 Qxd1+ 12. Rxd1 Bd7 13. O-O O-O 14. Rb1 Na5
15. c4 Nxc4 16. Bxc4 dxc4 17. Rxb7 Rfd8 18. Ba5 Nc6 19. Bxd8 Rxd8 20. Rc1 Be8
21. Rc7 {tacticmonster resigns} 1-0

[Event "ICS rated blitz match"]
[Site "204.178.125.65"]
[Date "1999.10.16"]
[Round "?"]
[White "Hossa"]
[Black "tgh"]
[Result "1-0"]
[WhiteElo "2439"]
[BlackElo "2195"]
[PlyCount "37"]
[EventDate "1999.??.??"]

1. e4 e6 2. d4 d5 3. Nc3 Bb4 4. e5 c5 5. Bd2 cxd4 6. Nb5 Bf8 7. Nxd4 Nc6 8.
Ngf3 Bc5 9. c3 Nge7 10. Be3 Bb6 11. Bd3 O-O 12. O-O f6 13. Bf4 Bd7 14. Qc2 Nxd4
15. Bxh7+ Kh8 16. cxd4 f5 17. Ng5 Bxd4 18. Qd1 Nc6 19. Qh5 {tgh resigns} 1-0

[Event "ICS rated blitz match"]
[Site "204.178.125.65"]
[Date "1999.09.07"]
[Round "?"]
[White "Hossa"]
[Black "thisHandle"]
[Result "1-0"]
[WhiteElo "2462"]
[BlackElo "2496"]
[PlyCount "45"]
[EventDate "1999.??.??"]

1. e4 e5 2. Nf3 Qe7 3. Nc3 c6 4. Bc4 d6 5. d3 h6 6. Nd2 g5 7. O-O Qf6 8. b4 Ne7
9. b5 Ng6 10. bxc6 bxc6 11. Ba3 Be7 12. Nd5 cxd5 13. Bxd5 O-O 14. Bxa8 h5 15.
Qxh5 Nf4 16. Qf3 g4 17. Qe3 Kg7 18. f3 Rh8 19. fxg4 Bxg4 20. Rf2 Nd7 21. Bb2
Qh6 22. Qxf4 Bg5 23. Qxf7# {thisHandle checkmated} 1-0

[Event "ICS rated blitz match"]
[Site "204.178.125.65"]
[Date "1999.09.07"]
[Round "?"]
[White "Hossa"]
[Black "thisHandle"]
[Result "1-0"]
[WhiteElo "2523"]
[BlackElo "2435"]
[PlyCount "35"]
[EventDate "1999.??.??"]

1. e4 e5 2. Nf3 f5 3. Nxe5 Nc6 4. Qh5+ g6 5. Nxg6 Nf6 6. Qh4 Rg8 7. Nxf8 Rg4 8.
Qh6 Rxe4+ 9. Be2 Nd4 10. Nxh7 Rxe2+ 11. Kd1 Nxh7 12. Qxh7 Re4 13. d3 Rg4 14.
Re1+ Ne6 15. Qh5+ Ke7 16. Bg5+ Rxg5 17. Qxg5+ Kd6 18. Rxe6+ {thisHandle resigns
} 1-0

[Event "ICS rated blitz match"]
[Site "204.178.125.65"]
[Date "1999.09.07"]
[Round "?"]
[White "Hossa"]
[Black "thisHandle"]
[Result "0-1"]
[WhiteElo "2546"]
[BlackElo "2412"]
[PlyCount "66"]
[EventDate "1999.??.??"]

1. e4 e5 2. Nf3 Qe7 3. Nc3 c6 4. Bc4 d6 5. d3 h6 6. Nd2 g6 7. O-O Bg7 8. f4
exf4 9. Rxf4 Nf6 10. Rb1 Be6 11. Bb3 Nbd7 12. Ne2 Nh5 13. Bxe6 fxe6 14. Rf1
O-O-O 15. c4 Rdf8 16. b4 Qh4 17. Nf3 Qe7 18. b5 c5 19. Qa4 Kb8 20. Rb3 b6 21.
Qa6 Ne5 22. Nxe5 Bxe5 23. Rxf8+ Rxf8 24. Bxh6 Bxh2+ 25. Kxh2 Qh4+ 26. Kg1 Qe1+
27. Kh2 Rf1 28. Kh3 Qxe2 29. Qxa7+ Kxa7 30. Ra3+ Kb7 31. Kh2 Rf2 32. Kh3 Rxg2
33. Kh4 33... Qg4# {Hossa checkmated} 0-1

[Event "ICS rated blitz match"]
[Site "204.178.125.65"]
[Date "1999.09.07"]
[Round "?"]
[White "Hossa"]
[Black "thisHandle"]
[Result "1-0"]
[WhiteElo "2496"]
[BlackElo "2462"]
[PlyCount "51"]
[EventDate "1999.??.??"]

1. e4 e5 2. Nf3 Qe7 3. Nc3 c6 4. Bc4 d6 5. d3 h6 6. Nd2 Nd7 7. O-O g5 8. b4 Qf6
9. b5 Ne7 10. bxc6 bxc6 11. Rb1 Ng6 12. Bb3 Nc5 13. Ba3 Nxb3 14. Nxb3 Be7 15.
Na5 Bd7 16. Rb7 h5 17. Qb1 Rd8 18. Rxa7 Nf4 19. Qb7 g4 20. Nxc6 Bxc6 21. Qxc6+
Kf8 22. Bc1 h4 23. Bxf4 Qxf4 24. Nd5 Qg5 25. Rxe7 h3 26. Qc7 {
thisHandle resigns} 1-0

[Event "ICS rated blitz match"]
[Site "204.178.125.65"]
[Date "1999.09.26"]
[Round "?"]
[White "Hossa"]
[Black "tolo"]
[Result "1-0"]
[WhiteElo "2529"]
[BlackElo "2247"]
[PlyCount "25"]
[EventDate "1999.??.??"]

1. d4 d5 2. c4 Nf6 3. cxd5 Nxd5 4. e4 Nb6 5. Bg5 g6 6. Bb5+ c6 7. Be2 Bg7 8.
Nf3 O-O 9. Nc3 Bg4 10. O-O N8d7 11. Rc1 h6 12. Be3 Nc4 13. Bxc4 {tolo resigns}
1-0

[Event "ICS rated blitz match"]
[Site "204.178.125.65"]
[Date "1999.10.01"]
[Round "?"]
[White "Hossa"]
[Black "tolo"]
[Result "1-0"]
[WhiteElo "2421"]
[BlackElo "2105"]
[PlyCount "63"]
[EventDate "1999.??.??"]

1. c4 e5 2. Nc3 Nf6 3. g3 Bc5 4. Bg2 O-O 5. Nf3 d6 6. O-O h6 7. e3 Bb6 8. d4
Nc6 9. Nd5 exd4 10. Nxb6 axb6 11. exd4 Bg4 12. Re1 Ra5 13. h3 Bf5 14. Bd2 Ra8
15. d5 Ne7 16. Nd4 Bg6 17. Qf3 Qd7 18. Bxh6 Nf5 19. Nxf5 Bxf5 20. Bg5 Nh7 21.
Be7 Rfe8 22. h4 Rxe7 23. Rxe7 Qxe7 24. Qxf5 Qe2 25. b3 Re8 26. Qd7 Qe7 27. Qa4
g5 28. Rc1 gxh4 29. gxh4 Kf8 30. c5 bxc5 31. a3 Qxh4 32. Qxh4 {tolo resigns}
1-0

[Event "ICS rated blitz match"]
[Site "204.178.125.65"]
[Date "1999.09.26"]
[Round "?"]
[White "Hossa"]
[Black "tolo"]
[Result "1-0"]
[WhiteElo "2539"]
[BlackElo "2237"]
[PlyCount "109"]
[EventDate "1999.??.??"]

1. d4 d5 2. c4 e6 3. Nc3 Nf6 4. Bg5 Be7 5. e3 c6 6. Bd3 O-O 7. Nge2 dxc4 8.
Bxc4 Nd5 9. Bxe7 Qxe7 10. O-O Nxc3 11. bxc3 e5 12. Qc2 Nd7 13. e4 exd4 14. cxd4
Nf6 15. f3 Be6 16. Bd3 h6 17. Rab1 a6 18. Rb6 Rad8 19. Qb2 Bc8 20. Rc1 Nh5 21.
Qd2 Qd6 22. Rcb1 Qe7 23. a4 Qd6 24. Bc4 Qe7 25. a5 Qe5 26. g4 Nf6 27. dxe5 Rxd2
28. exf6 gxf6 29. Kf2 Rfd8 30. Rxb7 Bxb7 31. Rxb7 R8d7 32. Bxa6 Rxb7 33. Bxb7
Ra2 34. a6 c5 35. f4 c4 36. h4 Ra3 37. h5 Kg7 38. Bd5 Rxa6 39. Bxc4 Ra4 40. Bd5
Ra3 41. Nd4 Ra4 42. Nf5+ Kf8 43. Nxh6 Ra3 44. Nxf7 Ra5 45. Nd8 Kg7 46. g5 fxg5
47. fxg5 Ra8 48. Bxa8 Kh8 49. Ne6 Kg8 50. g6 Kh8 51. h6 Kg8 52. e5 Kh8 53. Be4
Kg8 54. h7+ Kh8 55. g7# {tolo checkmated} 1-0

[Event "ICS rated blitz match"]
[Site "204.178.125.65"]
[Date "1999.09.14"]
[Round "?"]
[White "Hossa"]
[Black "toothfairy"]
[Result "0-1"]
[WhiteElo "2370"]
[BlackElo "2033"]
[PlyCount "112"]
[EventDate "1999.??.??"]

1. Nf3 d5 2. g3 Bf5 3. Bg2 c6 4. O-O Nd7 5. Nc3 Ngf6 6. Nh4 Bg6 7. Nxg6 hxg6 8.
d3 e6 9. e4 Bb4 10. Rb1 Bxc3 11. bxc3 b6 12. exd5 cxd5 13. d4 Rc8 14. Qd3 O-O
15. Ba3 Re8 16. f4 Qc7 17. Rb3 Qc4 18. Qe3 b5 19. Bf3 a6 20. Bb4 Qc6 21. Re1
Nb6 22. Qe2 Nc4 23. Bg2 Nd7 24. f5 gxf5 25. Rbb1 a5 26. Bxa5 Nxa5 27. Qxb5 Qxb5
28. Rxb5 Nc4 29. Rb3 Nf6 30. h4 Ne4 31. Bxe4 fxe4 32. Rd1 Ra8 33. Ra1 Ra4 34.
Rb7 Rea8 35. Rf1 f6 36. Rf4 R8a7 37. Rxa7 Rxa7 38. Rf2 Rxa2 39. g4 Ne3 40. Re2
Nxc2 41. Kf2 f5 42. Kg3 Nb4 43. Rxa2 Nxa2 44. gxf5 exf5 45. c4 dxc4 46. d5 c3
47. d6 Nb4 48. d7 Nc6 49. Kf4 c2 50. Kxf5 e3 51. Ke4 e2 52. Kf3 e1=Q 53. Kg4
c1=Q 54. Kf5 Qe5+ 55. Kg4 Qcf4+ 56. Kh3 56... Qg3# {Hossa checkmated} 0-1

[Event "ICS rated blitz match"]
[Site "204.178.125.65"]
[Date "1999.09.13"]
[Round "?"]
[White "Hossa"]
[Black "toothfairy"]
[Result "1-0"]
[WhiteElo "2383"]
[BlackElo "2088"]
[PlyCount "55"]
[EventDate "1999.??.??"]

1. e4 e5 2. Nf3 d6 3. Bc4 Bg4 4. d3 Be7 5. h3 Bh5 6. Nc3 Nf6 7. g4 Bg6 8. Nh4
Nbd7 9. g5 Ng8 10. Rg1 Nb6 11. Bb3 Qd7 12. Rg3 Bd8 13. f4 exf4 14. Bxf4 Ne7 15.
Qf3 O-O 16. O-O-O a5 17. a3 a4 18. Ba2 Nc6 19. Nxg6 hxg6 20. d4 Ne7 21. Qg4
Qxg4 22. Rxg4 Kh7 23. Rg3 Ra5 24. Rf1 d5 25. exd5 Nbxd5 26. Nxd5 Nxd5 27. Bd2
Rb5 28. c4 {toothfairy resigns} 1-0